|
|
|
|
| LEADER |
00929nam a22002537a 4500 |
| 001 |
29221 |
| 003 |
BD-DhAAL |
| 005 |
20220612143929.0 |
| 008 |
150510s1998 cc ||||| |||| 00| 0 eng d |
| 999 |
|
|
|c 34375
|d 34375
|
| 020 |
|
|
|a 9780798495198
|
| 040 |
|
|
|a BD-DhAAL
|c BD-DhAAL
|
| 082 |
|
|
|2 22
|a 595.7153
|
| 100 |
|
|
|a Dussling, Jennifer
|9 10920
|
| 245 |
|
|
|a Insectos \
|c Jennifer Dussling
|
| 260 |
|
|
|a New York :
|b DK Publishing,
|c 1998
|
| 300 |
|
|
|a 32 pages :
|b color illustrations ;
|c 23 cm.
|
| 490 |
|
|
|6 Dorling Kindersley readers., Nivel 2,, Lectura asistida.
|
| 500 |
|
|
|a Includes index.
|
| 541 |
|
|
|e 29221
|
| 650 |
|
|
|2 Predatory insects
|x Juvenile literature
|9 10921
|
| 852 |
|
|
|a BRAC Institute of Language (BIL)
|c General Stacks
|
| 942 |
|
|
|2 ddc
|c BK
|
| 952 |
|
|
|0 0
|1 1
|2 ddc
|4 0
|6 595_715300000000000_DUS
|7 0
|9 53673
|a BIL
|b BIL
|c GEN
|d 2015-05-10
|e BRAC Institute of Language (BIL)
|l 0
|o 595.7153 DUS
|p 3010029221
|r 2015-05-10
|t 1
|w 2015-05-10
|y BK
|